000 01194nam a22003617a 4500
001 000059782
003 CHAP
005 20220329140844.0
008 971013s1985 r 00010 d
010 _a58716
011 _a59688
035 _a63848
040 _cCHAP
090 _aFolleto 822 (Coah.)
110 2 _aInstituto Nacional de Investigaciones Forestales. México.
_959336
245 1 0 _aInventario forestal del Estado de Coahuila.
260 _aMéxico, D.F. :
_bEl Instituto,
_c1985.
300 _a80 p. :
_b: ilus.
490 1 _aPublicación especial
_v; 51
590 _aBATCH-UPD
_b10
_c20130110
_lUCH01
_h0807
590 _aBATCH-UPD
_b10
_c20130410
_lUCH01
_h0445
590 _aBATCH-UPD
_b10
_c20130914
_lUCH01
_h0716
590 _aCONVERSION
_b10
_c20130109
_lUCH01
_h1332
590 _aE5995AHE
_b05
_c20141117
_lUCH01
_h1115
650 1 4 _aBosques
_xCoahuila.
_914111
650 1 4 _aBosques
_xInventarios
_xCoahuila.
_914249
830 0 _aPublicación especial
_v; 51
_992760
901 _aBK
942 _cFOLL
942 _n0
949 _aFolleto 822 (Coah.)
_bBC
_cFOLL
_d-137904
_eTS1
_i63848
_mD
_si
949 _aFolleto 822 (Coah.)
_bBC
_cFOLL
_d-137905
_eTS2
_fc.2
_i63848
_mD
_si
999 _c58716
_d58716